[Event "GER-ch Net blitz qual3"]
[Site "Playchess.com INT"]
[Date "2021.05.07"]
[Round "9"]
[White "Fabregas, Oliver"]
[Black "Lehmann, Rainer"]
[Result "1-0"]
[WhiteElo "1985"]
[BlackElo "1725"]
[PlyCount "91"]
[EventDate "2021.05.07"]
[EventType "swiss (blitz)"]
[EventRounds "11"]
[EventCountry "GER"]
[SourceTitle "CBM 202 Extra"]
[Source "ChessBase"]
[SourceDate "2021.07.31"]
[SourceVersion "1"]
[SourceVersionDate "2021.07.31"]
[SourceQuality "1"]

1. Nf3 d5 2. g3 c6 3. Bg2 Bf5 4. d3 e6 5. 0-0 Nf6 6. Nbd2 Be7 7. e3 h6 8. Qe2 0-0 9. e4 Bh7 10. Ne5 Nbd7 11. Nxd7 Nxd7 12. f4 Qb6+ 13. Kh1 Rfe8 14. b3 Bf6 15. e5 Be7 16. Bb2 a5 17. a4 Nc5 18. Qf2 Nd7 19. Qe2 Rec8 20. g4 c5 21. f5 Bg5 22. Nf3 c4 23. Bd4 cxd3 24. Qxd3 Qc6 25. Nxg5 hxg5 26. Rf2 Nc5 27. Qe3 Ne4 28. Bxe4 dxe4 29. c4 Rd8 30. Rd1 Rd7 31. Kg1 Rad8 32. fxe6 Qxe6 33. h3 f6 34. exf6 gxf6 35. Rfd2 f5 36. Qxg5+ Qg6 37. Qf4 fxg4 38. hxg4 Rf7 39. Qe5 Qxg4+ 40. Rg2 Qxg2+ 41. Kxg2 Rxd4 42. Qxd4 e3 43. Qxe3 Rg7+ 44. Kf2 Rf7+ 45. Ke1 Bf5 46. Qg5+ 1-0

[Event "GER-ch Net blitz qual3"]
[Site "Playchess.com INT"]
[Date "2021.05.07"]
[Round "5"]
[White "Lehmann, Rainer"]
[Black "Beesk, Kevin"]
[Result "0-1"]
[WhiteElo "1725"]
[BlackElo "2000"]
[PlyCount "90"]
[EventDate "2021.05.07"]
[EventType "swiss (blitz)"]
[EventRounds "11"]
[EventCountry "GER"]
[SourceTitle "CBM 202 Extra"]
[Source "ChessBase"]
[SourceDate "2021.07.31"]
[SourceVersion "1"]
[SourceVersionDate "2021.07.31"]
[SourceQuality "1"]

1. Nf3 c5 2. c4 Nf6 3. d4 cxd4 4. Nxd4 b6 5. Nc3 Bb7 6. Bf4 d6 7. Nc2 a6 8. e3 Nbd7 9. f3 Rc8 10. Qd2 Qc7 11. Rc1 e6 12. Be2 Be7 13. 0-0 0-0 14. g4 Rfd8 15. Rfd1 Ne5 16. Bxe5 dxe5 17. Qe1 Bc5 18. Kf1 Nd7 19. Ne4 Bxe4 20. fxe4 Nf6 21. Bf3 h6 22. Kg2 Nh7 23. h4 Nf8 24. b3 Ng6 25. Kg3 Be7 26. g5 hxg5 27. h5 Nh4 28. Bg4 g6 29. Qe2 Rxd1 30. Rxd1 Rd8 31. Ne1 Kg7 32. Rd3 Kh6 33. hxg6 Nxg6 34. Qh2+ Kg7 35. Qd2 a5 36. Nf3 Rxd3 37. Qxd3 Qd8 38. Qxd8 Bxd8 39. Bh5 f6 40. Ne1 Nf8 41. Nc2 Nd7 42. Kf3 Be7 43. Bg4 Nc5 44. Na3 Kg6 45. Nb5 f5 0-1

[Event "GER-ch Net blitz qual3"]
[Site "Playchess.com INT"]
[Date "2021.05.07"]
[Round "7"]
[White "Lehmann, Rainer"]
[Black "Minotas, Fotios"]
[Result "1-0"]
[WhiteElo "1725"]
[BlackElo "1409"]
[PlyCount "121"]
[EventDate "2021.05.07"]
[EventType "swiss (blitz)"]
[EventRounds "11"]
[EventCountry "GER"]
[SourceTitle "CBM 202 Extra"]
[Source "ChessBase"]
[SourceDate "2021.07.31"]
[SourceVersion "1"]
[SourceVersionDate "2021.07.31"]
[SourceQuality "1"]

1. Nf3 Nf6 2. c4 c5 3. d4 cxd4 4. Nxd4 Nc6 5. Nc3 g6 6. e4 d6 7. Be2 Bg7 8. Be3 0-0 9. 0-0 a6 10. Qd2 Nxd4 11. Bxd4 Be6 12. Rac1 Rc8 13. b3 Bd7 14. f3 Bc6 15. Rfd1 Qc7 16. Qe3 Nd7 17. Nd5 Bxd5 18. cxd5 Qb8 19. Bxg7 Kxg7 20. Rc3 Rxc3 21. Qxc3+ Kg8 22. Rc1 Nb6 23. Qb4 Qa7 24. Kf1 Rc8 25. Rc3 Rxc3 26. Qxc3 Qb8 27. Ke1 Qc8 28. Kd2 Qxc3+ 29. Kxc3 Kf8 30. a4 Ke8 31. a5 Nd7 32. b4 Kd8 33. f4 Nf6 34. Kd4 Kc7 35. e5 dxe5+ 36. fxe5 Nd7 37. b5 axb5 38. Bxb5 Nb8 39. Be8 f6 40. d6+ exd6 41. exf6 Nd7 42. Bxd7 Kxd7 43. Kd5 g5 44. g4 h6 45. h3 Ke8 46. Kxd6 Kf7 47. Kc7 Kxf6 48. Kxb7 h5 49. a6 hxg4 50. hxg4 Ke5 51. a7 Kf4 52. a8Q Kxg4 53. Qa1 Kh4 54. Qg1 g4 55. Kc6 Kh3 56. Kd5 g3 57. Ke4 g2 58. Kf3 Kh4 59. Qxg2 Kh5 60. Qg7 Kh4 61. Qg4# 1-0

[Event "GER-ch Net blitz qual3"]
[Site "Playchess.com INT"]
[Date "2021.05.07"]
[Round "1"]
[White "Lehmann, Rainer"]
[Black "Mittag, Ralf"]
[Result "0-1"]
[WhiteElo "1725"]
[BlackElo "2118"]
[PlyCount "64"]
[EventDate "2021.05.07"]
[EventType "swiss (blitz)"]
[EventRounds "11"]
[EventCountry "GER"]
[SourceTitle "CBM 202 Extra"]
[Source "ChessBase"]
[SourceDate "2021.07.31"]
[SourceVersion "1"]
[SourceVersionDate "2021.07.31"]
[SourceQuality "1"]

1. Nf3 g6 2. c4 Bg7 3. Nc3 c5 4. d4 cxd4 5. Nxd4 Nc6 6. Nc2 Nf6 7. e4 d6 8. Be2 0-0 9. 0-0 Bd7 10. Be3 a6 11. f3 Rb8 12. Qd2 b5 13. cxb5 axb5 14. Bxb5 Ne5 15. Bxd7 Qxd7 16. b3 Rfc8 17. Rac1 Qb7 18. Bd4 Nfd7 19. Nd5 Nc5 20. Nce3 Ne6 21. Ba1 Qa7 22. Kh1 Nc5 23. h3 e6 24. Nc3 Ned3 25. Rcd1 Rd8 26. Nc4 d5 27. exd5 exd5 28. Nb2 Nb4 29. Ne2 Nxa2 30. Nd3 Nxd3 31. Qxd3 Nb4 32. Bxg7 Nxd3 0-1

[Event "GER-ch Net blitz qual3"]
[Site "Playchess.com INT"]
[Date "2021.05.07"]
[Round "4"]
[White "Pauly, Markus"]
[Black "Lehmann, Rainer"]
[Result "1/2-1/2"]
[WhiteElo "1921"]
[BlackElo "1725"]
[PlyCount "184"]
[EventDate "2021.05.07"]
[EventType "swiss (blitz)"]
[EventRounds "11"]
[EventCountry "GER"]
[SourceTitle "CBM 202 Extra"]
[Source "ChessBase"]
[SourceDate "2021.07.31"]
[SourceVersion "1"]
[SourceVersionDate "2021.07.31"]
[SourceQuality "1"]

1. d4 d5 2. Nf3 e6 3. Bf4 Nf6 4. e3 Bd6 5. Bg3 0-0 6. Nbd2 b6 7. Bd3 Bb7 8. Qe2 Ne4 9. Ne5 f6 10. Nef3 Qe7 11. 0-0 Nd7 12. c4 Rac8 13. Rac1 Bxg3 14. hxg3 c5 15. cxd5 exd5 16. Ba6 Nxd2 17. Bxb7 Nxf1 18. Bxc8 Nxg3 19. Qa6 Nb8 20. Qd3 Rxc8 21. fxg3 Re8 22. dxc5 bxc5 23. Qxd5+ Kf8 24. Qxc5 Qxc5 25. Rxc5 Rxe3 26. Rc8+ Re8 27. Rc7 Re7 28. Rc5 Nd7 29. Rc8+ Kf7 30. Nd4 Nb6 31. Rc2 Rd7 32. Nf5 g6 33. Nh6+ Kg7 34. Ng4 h5 35. Ne3 Kf7 36. b3 Ke6 37. Kh2 Rd3 38. Rc6+ Ke5 39. Nc4+ Nxc4 40. Rxc4 Rd2 41. Ra4 Rd7 42. Ra6 Kf5 43. b4 Rb7 44. a3 Kg5 45. Ra5+ Kg4 46. Ra6 Kf5 47. Rc6 Ke5 48. Rc5+ Ke6 49. b5 g5 50. a4 Kd6 51. Rc6+ Ke5 52. Rc4 f5 53. Kg1 Kd5 54. Rc8 Re7 55. Rg8 h4 56. gxh4 gxh4 57. Rh8 Re4 58. a5 Rb4 59. Rb8 Kc5 60. b6 axb6 61. axb6 Rxb6 62. Rf8 Rb1+ 63. Kh2 Kd6 64. Rxf5 Rb4 65. Kh3 Ke6 66. Rh5 Kf6 67. Rxh4 Rb3+ 68. g3 Kg5 69. Rc4 Kh5 70. Rc5+ Kg6 71. Kh4 Kh6 72. g4 Rb1 73. Rc6+ Kg7 74. Kh5 Kh7 75. Rc7+ Kg8 76. g5 Rb6 77. Rd7 Ra6 78. Rb7 Rc6 79. Rb5 Ra6 80. Rf5 Rb6 81. Rf6 Rxf6 82. gxf6 Kf7 83. Kg5 Kf8 84. Kg6 Kg8 85. Kf5 Kf7 86. Ke5 Kf8 87. Ke6 Ke8 88. Kf5 Kf7 89. Kg5 Kf8 90. Kg6 Kg8 91. f7+ Kf8 92. Kh7 Kxf7 1/2-1/2

[Event "GER-ch Net blitz qual3"]
[Site "Playchess.com INT"]
[Date "2021.05.07"]
[Round "3"]
[White "Sauer, Marko"]
[Black "Lehmann, Rainer"]
[Result "0-1"]
[WhiteElo "1877"]
[BlackElo "1725"]
[PlyCount "56"]
[EventDate "2021.05.07"]
[EventType "swiss (blitz)"]
[EventRounds "11"]
[EventCountry "GER"]
[SourceTitle "CBM 202 Extra"]
[Source "ChessBase"]
[SourceDate "2021.07.31"]
[SourceVersion "1"]
[SourceVersionDate "2021.07.31"]
[SourceQuality "1"]

1. e4 e6 2. d4 d5 3. Nc3 Nf6 4. e5 Nfd7 5. Nce2 c5 6. c3 Nc6 7. f4 cxd4 8. cxd4 f6 9. Nf3 Bb4+ 10. Bd2 Qe7 11. a3 Bxd2+ 12. Qxd2 0-0 13. Nc3 fxe5 14. fxe5 a6 15. Be2 b5 16. 0-0 Nb6 17. Rac1 Nc4 18. Bxc4 bxc4 19. Na4 Rb8 20. Nc5 Rb5 21. Ng5 Nxe5 22. Rxf8+ Kxf8 23. Rf1+ Kg8 24. Qe3 Nd3 25. Rf7 Qe8 26. Nxd3 cxd3 27. Qxd3 g6 28. Rxh7 Rxb2 0-1

[Event "Oberliga Nord O 1718"]
[Site "Germany"]
[Date "2018.03.18"]
[Round "8.8"]
[White "Lehmann, Rainer"]
[Black "Lange, Cecilia"]
[Result "1/2-1/2"]
[WhiteElo "2016"]
[BlackElo "1850"]
[PlyCount "61"]
[EventDate "2017.10.08"]
[EventType "team-tourn"]
[EventRounds "9"]
[EventCountry "GER"]
[SourceTitle "EXT 2019"]
[Source "ChessBase"]
[SourceDate "2018.10.10"]
[SourceVersion "1"]
[SourceVersionDate "2018.10.10"]
[SourceQuality "1"]
[WhiteTeam "Cottbus Lokomotive"]
[BlackTeam "Berlin Oberschoeneweide"]
[WhiteTeamCountry "GER"]
[BlackTeamCountry "GER"]

1. c4 c5 2. Nf3 Nf6 3. Nc3 Nc6 4. d4 cxd4 5. Nxd4 g6 6. e4 Nxd4 7. Qxd4 d6 8. Bg5 Bg7 9. f3 0-0 10. Qd2 Bd7 11. Rc1 a6 12. b3 Rb8 13. Be2 b5 14. 0-0 Qb6+ 15. Kh1 b4 16. Bxf6 Bxf6 17. Nd5 Qc5 18. Nxf6+ exf6 19. Rfd1 Rb6 20. Qf4 Kg7 21. Rd5 Qf2 22. Qd2 Rc6 23. Bf1 Qxd2 24. Rxd2 Be6 25. Rcd1 Rd8 26. f4 Kf8 27. Be2 Ke7 28. e5 fxe5 29. fxe5 Rd7 30. Bf3 Rb6 31. Re1 1/2-1/2

[Event "Oberliga Nord O 1213"]
[Site "Germany"]
[Date "2013.04.14"]
[Round "9.6"]
[White "Giese, Guido"]
[Black "Lehmann, Rainer"]
[Result "1/2-1/2"]
[WhiteElo "1971"]
[BlackElo "2090"]
[PlyCount "28"]
[EventDate "2012.10.17"]
[EventType "team-tourn"]
[EventRounds "9"]
[EventCountry "GER"]
[SourceTitle "EXT 2015"]
[Source "ChessBase"]
[SourceDate "2014.11.20"]
[SourceVersion "1"]
[SourceVersionDate "2014.11.20"]
[SourceQuality "1"]
[WhiteTeam "Neuruppin"]
[BlackTeam "Cottbus Lokomotive"]
[WhiteTeamCountry "GER"]
[BlackTeamCountry "GER"]

1. e4 e6 2. d4 d5 3. Nc3 Nf6 4. Bg5 Bb4 5. exd5 Qxd5 6. Bxf6 gxf6 7. Qd2 Qa5 8. Nge2 Nd7 9. g3 Nb6 10. Bg2 c6 11. 0-0 Be7 12. Qf4 Qg5 13. Ne4 Qxf4 14. Nxf4 Nd5 1/2-1/2

[Event "St Ingbert op"]
[Site "St Ingbert"]
[Date "1988.??.??"]
[Round "7"]
[White "Lehmann, Rainer"]
[Black "Kutzner, Joachim"]
[Result "1-0"]
[WhiteElo "2064"]
[BlackElo "1840"]
[PlyCount "79"]
[EventDate "1988.08.20"]
[EventType "swiss"]
[EventRounds "9"]
[EventCountry "GER"]
[SourceTitle "EXT 2002"]
[Source "ChessBase"]
[SourceDate "2001.11.25"]
[SourceVersion "1"]
[SourceVersionDate "2001.11.25"]
[SourceQuality "1"]

1. c4 c5 2. Nc3 Nc6 3. g3 g6 4. Bg2 Bg7 5. e4 d6 6. d3 Nd4 7. h3 e5 8. Nge2 Be6 9. 0-0 h5 10. Nxd4 cxd4 11. Na4 Qd7 12. Kh2 Nh6 13. c5 d5 14. b4 dxe4 15. dxe4 0-0 16. Re1 Qb5 17. Bd2 Rac8 18. Bf1 d3 19. Nb2 Rcd8 20. a4 Qd7 21. Nxd3 Bxh3 22. Bxh3 Qxd3 23. Bg5 f6 24. Qxd3 Rxd3 25. Be6+ Kh7 26. Bxh6 Bxh6 27. Red1 Rfd8 28. Bd5 Rd2 29. Rxd2 Bxd2 30. Rb1 Rb8 31. b5 b6 32. c6 Bc3 33. Rc1 Rc8 34. Rxc3 Rc7 35. Rd3 Kg7 36. Be6 Kf8 37. Rd7 Rxd7 38. Bxd7 Ke7 39. Kg2 Kd6 40. Kf1 1-0